000 00668nam a2200229Ia 4500
003 OSt
005 20220926011917.0
006 a|||||r|||| 00| 0
007 ta
008 220923b |||||||| |||| 00| 0 eng d
037 _cGeneral Book
040 _aRTL
_cRTL
_beng
041 _2eng
_aeng
082 _aX:952
100 _aUhrbrock Richard S
_9315225
245 0 _aRecruiting the college graduate
_b A guide for comp
260 _aNew York
_bAmerican Management Association publication USA
300 _a31p.
_ccm.
650 _aEmployment and service
_9236902
942 _hX:952
_cGB
_2CC
999 _c621272
_d621272